Movie Trilogies - Statistics

General Stats
  • This quiz has been taken 24 times
  • The average score is 14 of 36
Answer Stats
Trilogy Part % Correct
The Dark Knight Trilogy The Dark Knight
95%
The Dark Knight Trilogy The Dark Knight Rises
86%
Austin Powers The Spy Who Shagged Me
76%
The Dark Knight Trilogy Batman Begins
71%
Meet the ... Trilogy Meet the Parents
71%
Night at the Museum Night at the Museum
67%
Bridget Jones Bridget Jones's Diary
62%
Cinderella Cinderella
62%
Meet the ... Trilogy Meet the Fockers
62%
Planet of the Apes {Rise} of the Planet of the Apes
62%
Vietnam War Platoon
52%
Austin Powers International Man of Mystery
48%
Dollars Trilogy The Good, the Bad and the Ugly
48%
Dollars Trilogy A Fistful of Dollars
43%
Meet the ... Trilogy Little Fockers
43%
The Legend of Tarzan Tarzan
43%
Planet of the Apes {War} for the Planet of the Apes
43%
Dollars Trilogy For a Few Dollars More
38%
Once Upon a Time Trilogy Once Upon a Time in the West
38%
The Robert Langdon Trilogy The Da Vinci Code
38%
Austin Powers Austin Powers in Goldmember
33%
Bridget Jones Bridget Jones's Baby
33%
Once Upon a Time Trilogy Once Upon a Time in America
33%
The Robert Langdon Trilogy Angels & Demons
29%
Planet of the Apes {Dawn} of the Planet of the Apes
29%
Bridget Jones The Edge of Reason
19%
The Robert Langdon Trilogy Inferno
14%
The Legend of Tarzan Tarzan II
14%
The Legend of Tarzan Tarzan & Jane
14%
Night at the Museum Battle of the Smithsonian
10%
Vietnam War Born on the Fourth of July
10%
Cinderella A Twist in Time
5%
Once Upon a Time Trilogy Duck, You Sucker!
5%
Cinderella Dreams Come True
0%
Vietnam War Heaven & Earth
0%
Night at the Museum Secret of the Tomb
0%
No matching quizzes found
Score Distribution
Percent of People with Each Score
Percentile by Number Answered
Your Score History
You have not taken this quiz